Nuevos apuntes para el estudio y organización en España de las instituciones de Beneficiencia y de Previsión (Record no. 24944)

MARC details
000 -LEADER
campo de control de longitud fija 00664nam a2200169 i 4500
001 - NÚMERO DE CONTROL
campo de control 24944
003 - IDENTIFICADOR DE NÚMERO DE CONTROL
campo de control ES-MaACL
005 - FECHA Y HORA DE LA ÚLTIMA TRANSACCIÓN
campo de control 20230906153151.0
007 - CAMPO FIJO DE DESCRIPCIÓN FÍSICA--INFORMACIÓN GENERAL
campo de control de longitud fija t|
008 - DATOS DE LONGITUD FIJA--INFORMACIÓN GENERAL
campo de control de longitud fija 021219m19121918sp ||||1| spa d
245 00 - MENCIÓN DEL TÍTULO
Título Nuevos apuntes para el estudio y organización en España de las instituciones de Beneficiencia y de Previsión
Resto del título : trabajos de la Dirección General de Administración.
260 ## - PUBLICACIÓN, DISTRIBUCIÓN, ETC.
Lugar de publicación, distribución, etc. Madrid :
Nombre del editor, distribuidor, etc. [s.n.,
Fecha de publicación, distribución, etc. 1912-1918] (
Fabricante Sucs. de Rivadeneyra)
300 ## - DESCRIPCIÓN FÍSICA
Extensión 1 v. ;
Dimensiones 34 cm.
500 ## - NOTA GENERAL
Nota general Precede a tít.: Apéndices de la Gaceta. Ministerio de la Gobernación.
710 1# - ENTRADA AGREGADA--NOMBRE DE ENTIDAD CORPORATIVA
Nombre de entidad corporativa o nombre de jurisdicción como elemento de entrada España.
Unidad subordinada Ministerio de Gobernación.
9 (RLIN) 3872
852 ## - LOCALIZACIÓN
Ubicación ES-MaACL
Número de control de estantería G-3283
Holdings
Estatus retirado Estado de pérdida Estado de daño No para préstamo Biblioteca de origen Biblioteca actual Ubicación en estantería Fecha de adquisición Fuente de adquisición Total de préstamos Signatura topográfica completa Código de barras Visto por última vez Precio de reemplazo Tipo de ítem Koha
        Biblioteca del Ateneo de Madrid Biblioteca del Ateneo de Madrid Depósito 2 17/01/2008     G-3283 1025717 23/02/2023 23/02/2023 Libro impreso